000 00503nam a2200181Ia 4500
005 20250326124712.0
008 250326s9999 xx 000 0 und d
037 _aTextbook
040 _aFMSL
_beng
_cFMSL
041 _aeng
_2eng
084 _aX:89A K53
_qFMSL
100 _aZeyher L R
_9737828
245 0 _aCost reduction in the plant
_cZeyher L R
260 _aNew Jersey
_bNew Jersey, Prentice-Hall
_c1965
300 _a224p
942 _cTB
_hX:89A K53
999 _c1274824
_d1274824